Pöstyén Kursalon

Zobrazenie: Pohľad na kúpeľný dom v pozadí. Pred kúpeľným domom je kruhová trávnatá plocha, na ktorej sú tuje a kríky, nízke živé ploty. V popredí je cesta, ktorá vedie okolo záhonu. Vľavo aj vpravo v popredí sú koruny listnatých stromov

Bibliographic Details
Format: Postcard
Language:Hungarian
German
PhysicalDescription:1 pohľadnica čiernobiela 9 x 14 cm
Published: [Slovensko?] F.-Jg. [1909?]
Subjects:

MARC

LEADER 00000ckm a2200000 a 4500
001 vtls011570911
003 SK-MaSNL
005 20260512130316.0
007 kp bo
008 230706q1909 xo g kuhun
015 |a SNBG1909 
035 |a urn:nbn:sk:snk-km00dz1z 
035 |a urn:nbn:sk:snk-km3lnry 
035 |a 2EC71797-966B-4BE8-AE0B-E608C70AD624 
040 |a SNK  |b slo  |c SNK  |e AACR2 
041 0 |a hun  |a ger 
043 |a e-xo--- 
044 |a xo  |c SK 
072 7 |a 913  |x Regionálna geografia  |2 konspekt 
080 |a 614.2:[725.1:614.21]  |2 2011 
080 |a 913(437.6)  |2 2011 
080 |a 711.455:615.838  |2 2011 
080 |a 712.253  |2 2011 
080 |a 94(084.121)  |2 2011 
245 0 0 |a Pöstyén  |h grafika  |b Kursalon 
246 3 1 |a Bad Pistyan  |b Kursalon 
260 |a [Slovensko?]  |b F.-Jg.  |c [1909?] 
300 |a 1 pohľadnica  |b čiernobiela  |c 9 x 14 cm 
500 |a Názvové údaje prevzaté z obrazovej časti pohľadnice 
520 8 |a Zobrazenie: Pohľad na kúpeľný dom v pozadí. Pred kúpeľným domom je kruhová trávnatá plocha, na ktorej sú tuje a kríky, nízke živé ploty. V popredí je cesta, ktorá vedie okolo záhonu. Vľavo aj vpravo v popredí sú koruny listnatých stromov 
546 |a Súbežný názov nemecky 
650 0 7 |a liečebne  |2 SNKPH  |9 56920 
650 0 7 |a kúpele  |2 SNKPH  |9 1139 
650 0 7 |a parky  |2 SNKPH  |9 2942 
651 7 |a Piešťany (Slovensko)  |2 SNKPHgeo  |9 23981 
655 7 |a miestne pohľadnice  |2 SNKPH  |9 70510 
655 7 |a historické pohľadnice  |2 SNKPH  |9 159703 
852 |a Slovenská národná knižnica 
958 |a GBN 
958 |a ONDV 
958 |a GC 
999 |c 1190210  |d 1192140 
952 |a SNK  |b SNK  |y PREZ  |7 0  |p 17A1199148  |o snkSP 21832  |z Pohľadnica prešla poštou.  |0 0  |1 0  |4 0  |d 2016-08-03  |f 1  |l 0  |r 2026-02-24 22:09:12  |w 2026-02-24